000
00278nam a2200121Ia 4500
005
20251222151306.0
008
251222s9999||||xx |||||||||||||| ||spa||
082
_a
808.1/F96
245
0
_a
De la Conquista al Modernismo
250
_a
1ra.ed.
264
_b
EDUBANCO
942
_c
LIB
999
_c
23189
_d
23189